[Event "AUTO-OPEN-4256"]
[Site "http://www.queenalice.com/game.php?id=1643096"]
[Date "2021.2.9"]
[Round "1"]
[White "RJOliveira"]
[Black "ignacius"]
[Result "0-1"]
[WhiteElo "1735"]
[BlackElo "2108"]

1. e4 c5 2. Bc4 a6 3. Qf3 e6 4. c3 Nc6 5. Qd1 Ne5 6. Be2 Nf6 7. d4 cxd4 8. cxd4
Ng6 9. e5 Nd5 10. a3 Be7 11. Nc3 Nb6 12. Nf3 h6 13. O-O d5 14. Bd3 Nf8 15. b3
Nh7 16. Qc2 Ng5 17. Qe2 Nxf3+ 18. Qxf3 Bg5 19. a4 Bd7 20. Ba3 Be7 21. Bxe7 Qxe7
22. a5 Nc8 23. Rac1 Qb4 24. Bc2 Qxd4 25. Rfe1 Ne7 26. Rcd1 Qh4 27. Na4 Bxa4 28.
bxa4 Qb4 29. Rb1 Qxa5 30. Rxb7 Qc5 31. Bb1 O-O 32. Qd3 Ng6 33. h4 Qc4 34. h5
Qxd3 35. Bxd3 Nf4 36. Be2 a5 37. Bd1 Nd3 38. Re3 Nb4 39. Rf3 Nc6 40. Re3 Nb4 41.
Bb3 d4 42. Rf3 d3 43. Rxb4 axb4 44. Rxd3 Rfb8 45. Rd7 Ra5 46. g4 Rc5 47. Kg2
Rxe5 48. Ra7 Rc5 49. a5 Rc3 50. Bd1 b3 51. a6 b2 52. Rb7 b1=Q 53. Rxb1 Rxb1 54.
Be2 Ra1 55. Bb5 Rb3 56. Be2 Rba3 57. a7 Rxa7 58. f4 R7a3 59. Kf2 Rb1 60. f5 exf5
61. gxf5 Rb2 0-1

[Event "AUTO-ADV-4487"]
[Site "http://www.queenalice.com/game.php?id=1650202"]
[Date "2021.4.20"]
[Round "1"]
[White "Wecker"]
[Black "RJOliveira"]
[Result "1-0"]
[WhiteElo "1954"]
[BlackElo "1770"]

1. e4 e5 2. Nf3 d6 3. Bc4 Nf6 4. d3 Bg4 5. Bg5 Be7 6. h3 Be6 7. Nbd2 O-O 8. Qe2
c6 9. O-O-O b5 10. Bxe6 fxe6 11. g4 Nfd7 12. h4 a5 13. d4 exd4 14. Bxe7 Qxe7 15.
Nxd4 Nc5 16. Rdf1 Qf6 17. g5 Qe5 18. N2f3 Qf4+ 19. Kb1 e5 20. Nf5 Nxe4 21. Ne7+
Kh8 22. Rh3 d5 23. h5 a4 24. h6 Qf7 25. g6 Qxe7 26. hxg7+ Kg8 27. gxf8=Q+ Kxf8
28. gxh7 Nf6 29. h8=Q+ Kf7 30. Qxe5 Qxe5 31. Nxe5+ Ke6 32. Re1 Ne4 33. Nxc6 Nxc6
34. Qxa8 Kd6 35. f4 Kc5 36. f5 Ng5 37. Rc3+ Kb4 38. a3# 1-0

[Event "AUTO-ADV-4487"]
[Site "http://www.queenalice.com/game.php?id=1650203"]
[Date "2021.4.20"]
[Round "1"]
[White "RJOliveira"]
[Black "Wecker"]
[Result "0-1"]
[WhiteElo "1754"]
[BlackElo "1945"]

1. e4 e5 2. d4 exd4 3. Qxd4 Nc6 4. Qd1 Bc5 5. Bc4 Qh4 6. Qf3 Nf6 7. Be3 Ne5 8.
Qe2 Nxe4 9. Bxc5 Nxc4 10. Qxc4 d6 11. Nf3 Qe7 12. O-O dxc5 13. Nc3 Nxc3 14. Rfe1
Be6 15. Qxc3 O-O 16. Rad1 b6 17. Qe5 Rfe8 18. Qh5 Qf6 19. Ng5 h6 20. Ne4 Qxb2
21. c3 Qxa2 22. Ng3 Qc4 23. Qf3 Bg4 24. Rxe8+ Rxe8 25. Qc6 Bxd1 26. Qxe8+ Kh7
27. Qe1 Bc2 28. Ne2 b5 29. Qd2 Bd3 30. Nf4 Bg6 31. Nd5 c6 32. Ne7 Qe4 33. Qd1
Qxe7 34. h3 a5 35. Qd2 c4 36. Kh2 a4 37. g3 c5 38. h4 b4 39. cxb4 cxb4 40. Kg2
a3 41. Kh3 b3 42. Qc3 a2 43. Qa1 Bb1 44. Qb2 Qf6 0-1

[Event "AUTO-ADV-4487"]
[Site "http://www.queenalice.com/game.php?id=1650216"]
[Date "2021.4.20"]
[Round "1"]
[White "RJOliveira"]
[Black "Givanildo"]
[Result "1-0"]
[WhiteElo "1761"]
[BlackElo "1696"]

1. d4 d5 2. e3 h5 3. c4 Bg4 4. Be2 e6 5. h3 Bf5 6. cxd5 Qxd5 7. Nc3 Bb4 8. Bd2
Bxc3 9. bxc3 Ne7 10. c4 Qxg2 11. Bf3 Qg6 12. Bxb7 Be4 13. Bxa8 Bxa8 14. Nf3 Qf6
15. Qa4+ c6 16. Ne5 O-O 17. O-O-O Qxf2 18. Rdf1 Qh4 19. Bc3 Nf5 20. Nf3 Qf6 21.
Nh4 Qxh4 22. Bd2 c5 23. Rf4 Qg3 24. Rhf1 Qxh3 25. d5 Nxe3 26. R4f3 Qg4 27. Bxe3
Bxd5 28. Rf4 Qg3 29. Bd2 Bc6 30. Qxa7 Qh3 31. Rxf7 Qxf1+ 32. Rxf1 Rxf1+ 33. Kc2
Be4+ 34. Kc3 Nc6 35. Qxc5 Rf3+ 36. Kb2 Rg3 37. Qxh5 Rg2 38. Kc3 Rg3+ 39. Kb2 Nd4
40. Qe5 Rd3 41. Bc3 Nf5 42. Qxe6+ Kh7 43. Qxe4 Rxc3 44. Kxc3 g6 45. c5 Ng3 46.
Qe7+ Kh6 47. c6 Nf5 48. Qf8+ Kg5 49. c7 Ne3 50. Qe7+ Kh5 51. Qe5+ Nf5 52. c8=Q
Kg5 53. Qd8+ Kh6 54. Qh2+ Kg7 55. Qhh8+ Kf7 56. Qhf6# 1-0

[Event "AUTO-ADV-4487"]
[Site "http://www.queenalice.com/game.php?id=1650217"]
[Date "2021.4.20"]
[Round "1"]
[White "Givanildo"]
[Black "RJOliveira"]
[Result "1-0"]
[WhiteElo "1685"]
[BlackElo "1759"]

1. d4 d5 2. Bf4 Nf6 3. h3 Nc6 4. e3 e6 5. Bb5 Bd7 6. a3 a6 7. Ba4 b5 8. Bb3 Be7
9. Ne2 O-O 10. Nbc3 Rb8 11. O-O Na5 12. Ba2 Nc4 13. Rb1 a5 14. Qe1 b4 15. Na4
Nb6 16. Nc5 Bxc5 17. dxc5 Na8 18. c3 bxc3 19. Nxc3 Re8 20. b4 axb4 21. axb4 Nh5
22. Be5 Qg5 23. f4 Qe7 24. g4 Nf6 25. Qf2 Bc6 26. b5 Bxb5 27. Nxb5 Ne4 28. Qg2
Nxc5 29. e4 Nd3 30. exd5 Nxe5 31. fxe5 Qc5+ 32. Kh1 Rxb5 33. Rxb5 Qxb5 34. dxe6
fxe6 35. g5 Qxe5 36. h4 Nb6 37. Bb1 Nc4 38. Qc2 Qd5+ 39. Kg1 Qc5+ 40. Rf2 g6 41.
Ba2 Qd4 42. Bxc4 Qg4+ 43. Rg2 Qxh4 44. Qa4 Qd4+ 45. Rf2 Rf8 46. Bxe6+ 1-0

[Event "AUTO-ADV-4487"]
[Site "http://www.queenalice.com/game.php?id=1650218"]
[Date "2021.4.20"]
[Round "1"]
[White "RJOliveira"]
[Black "BobFicha"]
[Result "1-0"]
[WhiteElo "1735"]
[BlackElo "1993"]

1. e4 e5 2. d4 exd4 3. Qxd4 Nc6 4. Qd1 Qf6 5. Nc3 Bb4 6. Bd2 d6 7. Nf3 Bg4 8.
Be2 O-O-O 9. h3 Bh5 10. a3 Bc5 11. O-O h6 12. Rb1 Nd4 13. Nxd4 Bxe2 14. Qxe2
Bxd4 15. Nb5 Bc5 16. b4 Bb6 17. c4 Qe6 18. Rfc1 a6 19. Nc3 Nf6 20. a4 c5 21. a5
Bc7 22. Qf3 Qe5 23. Bf4 Qe6 24. bxc5 g5 25. cxd6 Bxd6 26. e5 Rd7 27. exd6 gxf4
28. Qxf4 Qxd6 29. Qf3 Re8 30. Nd5 Nxd5 31. cxd5+ Kb8 32. Rc6 Qf8 33. Rxa6 Qc5
34. Qf4+ Qc7 35. d6 Qc5 36. Qf3 Re1+ 37. Rxe1 Qc8 38. Rb1 Qc2 39. Rab6 Kc8 40.
Rxb7 1-0

[Event "AUTO-ADV-4487"]
[Site "http://www.queenalice.com/game.php?id=1650219"]
[Date "2021.4.20"]
[Round "1"]
[White "BobFicha"]
[Black "RJOliveira"]
[Result "1-0"]
[WhiteElo "2012"]
[BlackElo "1740"]

1. e4 d5 2. exd5 Qxd5 3. Nc3 Qd8 4. d4 e6 5. Nf3 Bb4 6. Bd2 Nc6 7. Bb5 Bd7 8.
O-O a6 9. Bxc6 Bxc6 10. Ne5 Bxc3 11. Nxc6 bxc6 12. Bxc3 Nf6 13. Qf3 O-O 14. Qxc6
a5 15. a4 Nd5 16. Bd2 Ne7 17. Qc5 c6 18. Bf4 Ng6 19. Bd6 Re8 20. c3 Qd7 21. g3
Ra7 22. Rfd1 Rb7 23. Rdb1 f6 24. b4 axb4 25. Rxb4 Ne7 26. a5 Nc8 27. a6 Rxb4 28.
cxb4 Nxd6 29. a7 Ra8 30. Qb6 Nc4 31. Qb8+ Kf7 32. Qxa8 Nd2 33. Qb8 Nf3+ 34. Kg2
Qd5 35. a8=Q Nxd4+ 36. Kg1 Ne2+ 37. Kf1 Qf3 38. Qe8# 1-0

[Event "AUTO-ADV-4495"]
[Site "http://www.queenalice.com/game.php?id=1758829"]
[Date "2021.5.7"]
[Round "1"]
[White "ECCelestino"]
[Black "RJOliveira"]
[Result "1-0"]
[WhiteElo "1846"]
[BlackElo "1774"]

1. d4 d5 2. e3 Nc6 3. Bb5 Bd7 4. Nf3 a6 5. Be2 Nf6 6. O-O e6 7. c4 Be7 8. cxd5
Nxd5 9. Nc3 Nf6 10. b3 O-O 11. Bb2 b5 12. e4 Re8 13. Bd3 Bc8 14. Bc2 Bb7 15. Qd3
Nb4 16. Qd2 Nxc2 17. Qxc2 b4 18. Ne2 Bxe4 19. Qc3 Nd5 20. Qc1 Bxf3 21. gxf3 Bd6
22. a3 c5 23. axb4 Nxb4 24. dxc5 Be7 25. Qc3 Nd5 26. Qxg7# 1-0

[Event "AUTO-ADV-4495"]
[Site "http://www.queenalice.com/game.php?id=1758830"]
[Date "2021.5.7"]
[Round "1"]
[White "RJOliveira"]
[Black "ECCelestino"]
[Result "0-1"]
[WhiteElo "1782"]
[BlackElo "1874"]

1. d4 d5 2. Nf3 Nc6 3. Nc3 e6 4. e3 Nf6 5. Bb5 Bd7 6. Bd2 a6 7. Be2 Be7 8. a3
O-O 9. O-O b6 10. b3 Bd6 11. Bd3 Re8 12. b4 b5 13. Qe2 Ne7 14. a4 c6 15. e4 Bc7
16. axb5 cxb5 17. h3 Bc8 18. e5 Nd7 19. Bg5 h6 20. Bf4 Ng6 21. Na2 Nxf4 22. Qd2
f6 23. Qxf4 fxe5 24. dxe5 Rf8 25. Qe3 Bb7 26. Nd4 Qe7 27. c3 Nxe5 28. f4 Nxd3
29. Qxd3 Bxf4 30. Rae1 e5 31. Ne2 e4 32. Qd4 Be5 33. Rxf8+ Rxf8 34. Qe3 Bc7 35.
Ng3 Qe5 36. Nc1 Rf3 37. Qa7 Qxg3 38. Re2 Qh2# 0-1

[Event "AUTO-ADV-4495"]
[Site "http://www.queenalice.com/game.php?id=1758851"]
[Date "2021.5.7"]
[Round "1"]
[White "MarcosT"]
[Black "RJOliveira"]
[Result "1-0"]
[WhiteElo "2061"]
[BlackElo "1761"]

1. e4 e5 2. Nf3 d6 3. Bc4 Nc6 4. c3 Bg4 5. d3 Nf6 6. Bg5 Be7 7. Nbd2 O-O 8. O-O
h6 9. Bh4 d5 10. Bxf6 Bxf6 11. exd5 Na5 12. Bb3 Nxb3 13. axb3 Qxd5 14. Ne4 Qc6
15. Ra4 b5 16. Nxf6+ Qxf6 17. Rxg4 Qe6 18. Rg3 Rad8 19. Re1 f6 20. Nh4 f5 21. d4
e4 22. Rg6 Qd5 23. Qh5 Rd6 24. Qxh6 Rxg6 25. Nxg6 gxh6 26. Ne7+ Kf7 27. Nxd5 c6
28. Nf4 Re8 29. Ra1 Ra8 30. Ra6 Kf6 31. Rxc6+ Kg5 32. g3 Rg8 33. Kg2 h5 34. h3
h4 35. Rc5 hxg3 36. fxg3 Kf6 37. Rxb5 Re8 38. Nd5+ Kg5 39. Ne3 a6 40. Rxf5+ Kg6
41. Ra5 Re6 42. Kf2 Rf6+ 43. Ke2 Kg7 44. Nf5+ Kg6 45. Ne7+ Kf7 46. Nf5 Kg8 47.
Ke3 Re6 48. Re5 Rb6 49. b4 a5 50. Rxa5 1-0

[Event "AUTO-ADV-4495"]
[Site "http://www.queenalice.com/game.php?id=1758852"]
[Date "2021.5.7"]
[Round "1"]
[White "RJOliveira"]
[Black "MarcosT"]
[Result "1-0"]
[WhiteElo "1733"]
[BlackElo "1978"]

1. e4 c5 2. Nf3 d6 3. c3 Nf6 4. d4 cxd4 5. Qxd4 h6 6. Be2 Nc6 7. Bb5 Bd7 8. Bxc6
Bxc6 9. Nbd2 e5 10. Qd3 Be7 11. O-O O-O 12. b3 a6 13. Re1 b5 14. Nf1 Re8 15. Be3
Bxe4 16. Qd1 Bb7 17. Ng3 e4 18. Nd4 d5 19. Qd2 Bd6 20. Ngf5 Be5 21. Bxh6 Bxh2+
22. Kxh2 Ng4+ 23. Kg1 Nxh6 24. Nxh6+ Kh7 25. Nxf7 Qh4 26. g3 e3 27. Qd3+ 1-0

[Event "AUTO-OPEN-4289"]
[Site "http://www.queenalice.com/game.php?id=1763581"]
[Date "2021.7.3"]
[Round "1"]
[White "RJOliveira"]
[Black "SGF"]
[Result "1-0"]
[WhiteElo "1761"]
[BlackElo "1791"]

1. e4 e5 2. d4 Qf6 3. Nf3 h6 4. Nxe5 Bd6 5. Nf3 Bf4 6. e5 Qf5 7. Bd3 Qg4 8. O-O
h5 9. h3 Qe6 10. Bxf4 f6 11. exf6 Qxf6 12. Re1+ Ne7 13. Be5 Qf7 14. Ng5 Qf8 15.
Bg6+ Nxg6 16. Bxg7+ Qe7 17. Rxe7+ Nxe7 18. Bxh8 Nbc6 19. Qxh5+ Kd8 20. Qf7 d5
21. Bf6 Bd7 22. Ne6+ Kc8 23. Bxe7 Bxe6 24. Qe8+ Nd8 25. Qxd8# 1-0

[Event "AUTO-OPEN-4289"]
[Site "http://www.queenalice.com/game.php?id=1763582"]
[Date "2021.7.3"]
[Round "1"]
[White "SGF"]
[Black "RJOliveira"]
[Result "1-0"]
[WhiteElo "1690"]
[BlackElo "1746"]

1. e4 d5 2. Qf3 dxe4 3. Qxe4 Nf6 4. Qa4+ Bd7 5. Qb3 b6 6. Bb5 e6 7. Bxd7+ Nbxd7
8. f3 Be7 9. Ne2 O-O 10. Nbc3 Nc5 11. Qc4 a6 12. Nd4 Qd6 13. b3 b5 14. Qb4 Nd5
15. Nxd5 exd5 16. O-O c6 17. Re1 Bd8 18. Qc3 Bf6 19. b4 Na4 20. Qxc6 Qf4 21. Ne2
Qxb4 22. c3 Qc5+ 23. Qxc5 Nxc5 24. Nd4 Bxd4+ 25. cxd4 Nd3 26. Re3 Nb4 27. Ba3
Nc2 28. Bxf8 Nxa1 29. Bd6 Nc2 30. Rd3 1-0

[Event "AUTO-OPEN-4289"]
[Site "http://www.queenalice.com/game.php?id=1763583"]
[Date "2021.7.3"]
[Round "1"]
[White "RJOliveira"]
[Black "ChessColossos"]
[Result "0-1"]
[WhiteElo "1713"]
[BlackElo "1684"]

1. d4 e6 2. e4 d5 3. Nc3 Nc6 4. Nf3 Be7 5. e5 f6 6. Bb5 Bd7 7. O-O a6 8. Be2 f5
9. Bf4 g5 10. Bd2 g4 11. Ne1 Nxd4 12. Bf4 Nc6 13. f3 h5 14. Qd3 Nb4 15. Qd1 Bg5
16. fxg4 hxg4 17. a3 Nc6 18. Nd3 Bxf4 19. Rxf4 Qg5 20. Qe1 Nxe5 21. Qf2 Nxd3 22.
cxd3 Qh4 23. Qxh4 Rxh4 24. g3 Rh6 25. Re1 Nf6 26. Bd1 O-O-O 27. Na4 Bxa4 28.
Bxa4 Rd6 29. b4 Nh7 30. d4 Ng5 31. Kg2 Nf3 32. Rxf3 gxf3+ 33. Kxf3 Rxh2 34. Be8
Kd8 35. Ba4 Ra2 36. Re3 b5 37. Bd1 Rc6 38. Kf4 Kd7 39. g4 fxg4 40. Kxg4 Rd2 41.
Bf3 Rxd4+ 42. Kg3 Rdc4 43. Rd3 Rc3 0-1

[Event "AUTO-OPEN-4289"]
[Site "http://www.queenalice.com/game.php?id=1763584"]
[Date "2021.7.3"]
[Round "1"]
[White "ChessColossos"]
[Black "RJOliveira"]
[Result "1-0"]
[WhiteElo "1571"]
[BlackElo "1778"]

1. e4 d5 2. exd5 Qxd5 3. Nc3 Qd8 4. Nf3 Bg4 5. Be2 Nf6 6. d4 e6 7. a3 g6 8. Bg5
Bg7 9. Ne4 O-O 10. h3 Bf5 11. Nxf6+ Bxf6 12. Bxf6 Qxf6 13. Ne5 Qd8 14. Bf3 c6
15. c3 Nd7 16. Nxd7 Qxd7 17. g4 Bxg4 18. hxg4 Kg7 19. Qd2 Kf6 20. Rxh7 Ke7 21.
O-O-O Qd6 22. Qg5+ Kd7 23. Kb1 Kc7 24. Qxg6 Rad8 25. Rxf7+ Rxf7 26. Qxf7+ Rd7
27. Qf6 Kb8 28. g5 Re7 29. g6 Re8 30. Qe5 Qxe5 31. dxe5 Kc7 32. Rf1 Rg8 33. Be4
Kb6 34. f4 a6 35. Rg1 Kc5 36. g7 b5 37. Bh7 1-0

[Event "AUTO-OPEN-4289"]
[Site "http://www.queenalice.com/game.php?id=1763585"]
[Date "2021.7.3"]
[Round "1"]
[White "RJOliveira"]
[Black "miguel7"]
[Result "0-1"]
[WhiteElo "1696"]
[BlackElo "1760"]

1. d4 c5 2. c3 Nf6 3. Bg5 e6 4. e4 h6 5. Bh4 Be7 6. Nf3 Nxe4 7. Bxe7 Qxe7 8. Qd3
d5 9. Nbd2 Nxd2 10. Nxd2 c4 11. Qg3 Nc6 12. Qxg7 Qf8 13. Qxf8+ Rxf8 14. b3 b5
15. Be2 Ne7 16. O-O Ng6 17. Nf3 Kd7 18. bxc4 dxc4 19. a4 Nf4 20. axb5 Nxe2+ 21.
Kh1 Nxc3 22. Ne5+ Kd6 23. Nxc4+ Kd5 24. Nd2 Rg8 25. b6 Kxd4 26. Nf3+ Kd3 0-1

[Event "AUTO-OPEN-4289"]
[Site "http://www.queenalice.com/game.php?id=1763586"]
[Date "2021.7.3"]
[Round "1"]
[White "miguel7"]
[Black "RJOliveira"]
[Result "1-0"]
[WhiteElo "1773"]
[BlackElo "1683"]

1. e4 e5 2. Nf3 d6 3. Bc4 Nf6 4. Ng5 d5 5. exd5 Nxd5 6. Nxf7 Kxf7 7. Qf3+ Ke8 8.
Bxd5 Qe7 9. Bxb7 e4 10. Qxe4 Qxe4+ 11. Bxe4 c6 12. d4 Bd6 13. Bg5 Kf7 14. Nc3
Bb7 15. O-O Nd7 16. Nb5 cxb5 17. Bxb7 Rab8 18. Bc6 Nf6 19. Bxf6 Kxf6 20. d5 a6
21. a4 Rhc8 22. axb5 axb5 23. Rfe1 Rxc6 24. dxc6 Rc8 25. Ra6 b4 26. c7 1-0

[Event "AUTO-ADV-4522"]
[Site "http://www.queenalice.com/game.php?id=1764907"]
[Date "2021.7.20"]
[Round "1"]
[White "RuCam"]
[Black "RJOliveira"]
[Result "1-0"]
[WhiteElo "1836"]
[BlackElo "1654"]

1. e4 e5 2. Bc4 Nf6 3. d3 Be7 4. Nf3 O-O 5. c3 c6 6. Nxe5 b5 7. Bb3 d6 8. Nf3 a5
9. a3 Nbd7 10. O-O Ne5 11. h3 Nxf3+ 12. Qxf3 Bb7 13. Qg3 c5 14. Bh6 g6 15. Bxf8
1-0

[Event "AUTO-ADV-4522"]
[Site "http://www.queenalice.com/game.php?id=1764908"]
[Date "2021.7.20"]
[Round "1"]
[White "RJOliveira"]
[Black "RuCam"]
[Result "0-1"]
[WhiteElo "1645"]
[BlackElo "1845"]

1. e4 e5 2. d4 c6 3. c3 Bd6 4. Nf3 Qc7 5. Bc4 h6 6. Nxe5 Bxe5 7. Qh5 d5 8. exd5
Bd6 9. Be3 Nf6 10. Qe2 O-O 11. dxc6 Nxc6 12. O-O Bxh2+ 13. Kh1 Ng4 14. g3 Bf5
15. Qf3 g6 0-1

[Event "AUTO-ADV-4522"]
[Site "http://www.queenalice.com/game.php?id=1764923"]
[Date "2021.7.20"]
[Round "1"]
[White "RJOliveira"]
[Black "Mikalus"]
[Result "0-1"]
[WhiteElo "1728"]
[BlackElo "1928"]

1. d4 d5 2. Nf3 e6 3. e3 c5 4. c3 c4 5. b3 b5 6. bxc4 bxc4 7. a4 Nf6 8. Na3 a6
9. Be2 Bd6 10. Ne5 O-O 11. O-O Ne4 12. Qc2 Qg5 13. Nf3 Qh6 14. Ne5 Nd7 15. Ng4
Qg5 16. f3 Nef6 0-1

[Event "AUTO-ADV-4522"]
[Site "http://www.queenalice.com/game.php?id=1764924"]
[Date "2021.7.20"]
[Round "1"]
[White "Mikalus"]
[Black "RJOliveira"]
[Result "1-0"]
[WhiteElo "1936"]
[BlackElo "1720"]

1. e4 d5 2. exd5 Qxd5 3. Nc3 Qd8 4. Nf3 Bg4 5. Be2 Nf6 6. d4 e6 7. Ne5 Bxe2 8.
Nxe2 Bb4+ 9. c3 Bd6 10. Bg5 O-O 11. O-O Be7 12. Ng3 c6 13. f4 h6 14. Bh4 Nbd7
15. Qe2 Nd5 16. Bxe7 Qxe7 17. c4 1-0

[Event "AUTO-ADV-4522"]
[Site "http://www.queenalice.com/game.php?id=1764925"]
[Date "2021.7.20"]
[Round "1"]
[White "RJOliveira"]
[Black "lobo"]
[Result "0-1"]
[WhiteElo "1671"]
[BlackElo "1848"]

1. e4 Nc6 2. Nf3 e5 3. Bb5 Bd6 4. d4 exd4 5. Bxc6 dxc6 6. Qxd4 f6 7. Nc3 Qe7 8.
O-O Be6 9. Re1 Bc5 10. Qd1 Bd7 11. Bf4 O-O-O 12. Qe2 Bg4 13. Rad1 Re8 14. Na4 g5
15. Be3 Bxe3 16. Qxe3 Kb8 17. Nc5 h5 18. Rd7 Bxd7 0-1

[Event "AUTO-ADV-4522"]
[Site "http://www.queenalice.com/game.php?id=1764926"]
[Date "2021.7.20"]
[Round "1"]
[White "lobo"]
[Black "RJOliveira"]
[Result "1-0"]
[WhiteElo "1857"]
[BlackElo "1662"]

1. e4 e5 2. Nf3 d6 3. Bc4 Nf6 4. Ng5 d5 5. exd5 Nxd5 6. d3 Be7 7. Ne4 c6 8. O-O
O-O 9. Qf3 Nf6 10. Nbc3 b5 11. Bb3 Bg4 12. Qg3 Qd7 13. f3 Qd4+ 14. Kh1 Bf5 15.
Qe1 Bxe4 16. dxe4 Bc5 17. Ne2 Qd8 18. Bg5 1-0